=LDR 00000nam 2200000 4500 =001 INLIS000000000031691 =005 20130612133741 =008 ***********************************ind** =035 ##$$a0010-061300000031691 =041 ##$$a ind =082 ##$$a 153.9 =090 ##$$a 153.9, Rub e =100 ##$$a RUBEN, Jean Mark =245 ##$$a 49 Langkah Mencerdaskan Otak, Jean Mark Ruben, Ann Daufur; Penerjemah, Fuad Syaefuddin Nur; Editor, Abdul Rosyid Maskur =260 ##$$a Almahera $b Jakarta =300 ##$$a xiv,246 hlm, , 21cm =650 ##$$a KECAKAPAN =700 ##$$a Nur, Fuad Syarifuddin =850 ##$$a NBPNMAT =990 ##$$a 90523/BPAP-NTB/2014